000
00311nam a22001217a 4500
999
_c
6040
_d
6040
245
_a
Securities Industry Act, 2016 (Act 929)
_c
by Republic of Ghana
246
_a
ACT 929
260
_a
Accra
_b
Assembly Press
_c
2016
300
_a
143p.
440
_a
Acts of parliament.
650
_a
Security Industry
942
_c
REF